000 00180nam a2200073Ia 4500
008 170620s9999 xx 000 0 und d
100 _aKaushik
245 0 _aEDUCATIONAL MEASUREMENT AND EVALUATION
260 _bANMOL
999 _c26755
_d26755